Робинзон Крузо олоҕо уонна муччургэннээх дьикти сырыылара (Запись № 10162667)

Подробности
000 -МАРКЕР
контрольное поле 01139nam0a2200253 4500
001 - ИДЕНТИФИКАТОР ЗАПИСИ
контрольное поле RU\NLR\BIBL_A\010507458
005 - ИДЕНТИФИКАТОР ВЕРСИИ
контрольное поле 20260406100931.0
035 ## - ДРУГИЕ СИСТЕМНЫЕ НОМЕРА
Идентификатор записи (NLR Aleph) 010507458
100 ## - ДАННЫЕ ОБЩЕЙ ОБРАБОТКИ
Данные общей обработки 20141022d1960 |||y0rusy50 ca
101 1# - ЯЗЫК РЕСУРСА
Язык текста, звукозаписи и т.д. якутский
Язык промежуточного перевода русский
Язык оригинала английский
102 ## - СТРАНА ПУБЛИКАЦИИ ИЛИ ПРОИЗВОДСТВА
Страна публикации Российская Федерация
105 ## - ПОЛЕ КОДИРОВАННЫХ ДАННЫХ: ТЕКСТОВЫЕ МАТЕРИАЛЫ, МОНОГРАФИЧЕСКИЕ
Кодированные данные о монографическом текстовом документе a z 000yy
200 1# - ЗАГЛАВИЕ И СВЕДЕНИЯ ОБ ОТВЕТСТВЕННОСТИ
Основное заглавие Робинзон Крузо олоҕо уонна муччургэннээх дьикти сырыылара
Сведения, относящиеся к заглавию роман
Первые сведения об ответственности Даниэль Дефо
Последующие сведения об ответственности [пер. с рус. Д. В. Кириллина
-- рис. Ж. Гранвиля]
210 ## - ПУБЛИКАЦИЯ, РАСПРОСТРАНЕНИЕ И ДР.
Место издания, распространения и т.д. Якутскай
Имя издателя, распространителя и т. д. Саха сиринээҕи кинигэ изд-вота
Дата издания, распространения и т.д. 1960
215 ## - ФИЗИЧЕСКАЯ ХАРАКТЕРИСТИКА
Специфическое обозначение материала и объем 266,[1] с.
Другие сведения о физической характеристике ил.
Размеры 21
541 1# - ПЕРЕВОД ЗАГЛАВИЯ, СДЕЛАННЫЙ КАТАЛОГИЗАТОРОМ
Заглавие Приключения Робинзона Крузо
Сведения, относящиеся к заглавию роман
Язык заглавия русский
686 1# - ИНДЕКСЫ ДРУГИХ КЛАССИФИКАЦИЙ
Индекс Ш9(2)673=Я(4Вл)-4
700 #1 - ИМЯ ЛИЦА - ПЕРВИЧНАЯ ОТВЕТСТВЕННОСТЬ
Код отношения Автор
Графика поля Кириллица
Материалы, к которым относится поле rus
Начальный элемент ввода Дефо
Часть имени, кроме начального элемента ввода Д.
Даты ок.1660-1731
Расширение инициалов личного имени Даниель
Системный номер авторитетной/нормативной записи 912
Идентификатор авторитетной/нормативной записи RU\NLR\AUTH\7717827
702 #1 - ИМЯ ЛИЦА - ВТОРИЧНАЯ ОТВЕТСТВЕННОСТЬ
Код отношения Иллюстратор
Графика поля Кириллица
Материалы, к которым относится поле rus
Начальный элемент ввода Гранвиль
Часть имени, кроме начального элемента ввода Ж. Ж.
Даты 1803-1847
Расширение инициалов личного имени Жан Жак
Системный номер авторитетной/нормативной записи 61293
Идентификатор авторитетной/нормативной записи RU\NLR\AUTH\7778365
852 ## - МЕСТОНАХОЖДЕНИЕ И ШИФР ХРАНЕНИЯ
Идентификатор организации NLR
Наименование фонда или коллекции (Sub-Location Identifier) ОНЛ
Шифр хранения (Call Number) Якут./3-1239
942 ## - ДОПОЛНИТЕЛЬНЫЕ ЭЛЕМЕНТЫ ЗАПИСИ (АБИС)
Тип экземпляра АБИС Книга
980 ## - КОЛЛЕКЦИЯ
Название коллекции Национальная библиография
Экземпляры
Тип экземпляра Дата поступления Библиотека постоянного хранения Библиотека текущего хранения Место хранения Шифр хранения Штрих-код Статус экземпляра
Книга 22.10.2014 РНБ (Московский) РНБ (Московский) Фонд национальных литератур ОНЛ Якут./3-1239 1-694396